Plats de l'Europe - Mort Subite - Statistiques

Statistiques générales
  • Ce quiz a été pris 729 fois
  • Le résultat moyen est 6 sur 16
Answers on the Grid
Answers color-coded by a green-red scale on the quiz's grid according to % correct below.
Lasagnes à la bolognaise
Potjiekos
Menudo
Cassoulet
Bruschetta
Fondue
Hot chicken
Mocotó
Paella
Dimsum
Bortsch
Kokotxas / Cocochas
Tourtière
Pajeon
Moules-frites
Tartiflette
Bryndzové halušky
Fårikål
Quesadilla
Brown stew chicken
Bifana
Lakror
Goulasch
Salade grecque
Pavlova
Tajine
Bœuf Wellington
Ndolé
 
Statistiques - réponses
Réponse % Correct
Paella
65%
Cassoulet
61%
Fondue
57%
Moules-frites
57%
Tartiflette
57%
Lasagnes à la bolognaise
52%
Bruschetta
49%
Salade grecque
49%
Goulasch
34%
Bœuf Wellington
29%
Bortsch
18%
Bryndzové halušky
13%
Fårikål
6%
Bifana
5%
Kokotxas / Cocochas
3%
Lakror
1%
Aucun quiz correspondant
Distribution des résultats
% des personnes avec chaque résultat
Percentile par nombre de réponses
Votre historique - résultats
Vous n’avez pas pris ce quiz